[Event "SLO-chT3 West"]
[Site "Postojna"]
[Date "2013.11.24"]
[Round "5"]
[White "Ahtik, Stas"]
[Black "Pregelj, Ervin"]
[Result "1-0"]
[WhiteElo "1421"]
[BlackElo "1599"]
[PlyCount "133"]
[EventDate "2013.11.22"]
[EventType "team"]
[EventRounds "5"]
[EventCountry "SLO"]
[SourceTitle "EXT 2015"]
[Source "ChessBase"]
[SourceDate "2014.11.20"]
[SourceVersion "1"]
[SourceVersionDate "2014.11.20"]
[SourceQuality "1"]

1. e4 c5 2. Nf3 d6 3. d4 cxd4 4. Nxd4 Nc6 5. Nc3 e5 6. Nf3 Nf6 7. Bg5 Be7 8. Bc4 0-0 9. Bxf6 Bxf6 10. Nd5 Be6 11. Nxf6+ Qxf6 12. Bxe6 Qxe6 13. Qd2 Rad8 14. 0-0 Qg6 15. Qe2 Qh5 16. Qb5 Rd7 17. Rad1 f5 18. Rfe1 Rf6 19. Qb3+ Kh8 20. exf5 Qxf5 21. Qd3 Qh5 22. Re4 Qf5 23. Re3 Qxd3 24. Rdxd3 h6 25. Nxe5 Nxe5 26. Rxe5 Rdf7 27. Re2 Rd7 28. f3 d5 29. Kf2 Kg8 30. Rd4 h5 31. Red2 Rc6 32. c3 Rb6 33. c4 a5 34. Rxd5 Rc7 35. Rxh5 a4 36. c5 Rb5 37. Rc2 b6 38. Ke3 bxc5 39. Rd5 Re7+ 40. Kf4 Rb4+ 41. Kg3 c4 42. Rc5 c3 43. R5xc3 Reb7 44. Rc4 R7b6 45. Rxb4 Rxb4 46. Kf2 Kf7 47. Ke3 Kf6 48. Kd3 g5 49. Kc3 Rb6 50. Rd2 Ke5 51. b3 axb3 52. axb3 Rc6+ 53. Kb2 Kf4 54. Rd4+ Kf5 55. b4 Rc7 56. Re4 Rd7 57. Kc3 Rc7+ 58. Rc4 Rb7 59. Rc5+ Kf4 60. b5 Ke3 61. Rxg5 Rc7+ 62. Kb4 Kd4 63. b6 Rc1 64. Kb5 Rb1+ 65. Ka6 Ra1+ 66. Ra5 Rb1 67. b7 1-0

[Event "SLO-chT3 West"]
[Site "Postojna"]
[Date "2013.11.24"]
[Round "4"]
[White "Pregelj, Ervin"]
[Black "Vidmar, Klara"]
[Result "0-1"]
[WhiteElo "1599"]
[BlackElo "1500"]
[PlyCount "122"]
[EventDate "2013.11.22"]
[EventType "team"]
[EventRounds "5"]
[EventCountry "SLO"]
[SourceTitle "EXT 2015"]
[Source "ChessBase"]
[SourceDate "2014.11.20"]
[SourceVersion "1"]
[SourceVersionDate "2014.11.20"]
[SourceQuality "1"]

1. d4 d5 2. Nc3 Nf6 3. Bg5 h6 4. Bxf6 gxf6 5. e4 dxe4 6. Nxe4 Bf5 7. Qe2 Bxe4 8. Qxe4 Nc6 9. 0-0-0 e6 10. Bb5 Qd5 11. Qxd5 exd5 12. Ne2 0-0-0 13. Nf4 Rg8 14. g3 Nb4 15. a3 Nc6 16. Rhe1 Bd6 17. Nh5 Rg6 18. c3 f5 19. Bd3 Rg5 20. Be2 Na5 21. h4 Rg6 22. Bd3 Kb8 23. Bxf5 Rgg8 24. Nf6 Rh8 25. Nxd5 Bxg3 26. fxg3 Rxd5 27. Re5 Rxe5 28. dxe5 c6 29. Kc2 Re8 30. Re1 Nc4 31. e6 fxe6 32. Rxe6 Rxe6 33. Bxe6 Ne3+ 34. Kd3 Nd1 35. b3 Nf2+ 36. Kd4 b6 37. b4 Kc7 38. g4 Kd6 39. Bf5 c5+ 40. bxc5+ bxc5+ 41. Kc4 Nd1 42. Kd3 Nb2+ 43. Ke4 Na4 44. Kd3 Nb2+ 45. Kc2 Nc4 46. g5 hxg5 47. hxg5 Ne3+ 48. Kd3 Nxf5 49. g6 Kd5 50. c4+ Ke5 51. a4 a5 52. Kc3 Ke4 53. Kd2 Kd4 54. Ke2 Kxc4 55. Kd2 Kd4 56. Kc2 c4 57. Kd2 Ng7 58. Kc2 c3 59. Kc1 Kd3 60. Kd1 c2+ 61. Kc1 Nf5 0-1

[Event "Lucija op 3rd"]
[Site "Lucija"]
[Date "2011.08.15"]
[Round "4"]
[White "Pregelj, Ervin"]
[Black "Grein, Bogomir"]
[Result "0-1"]
[WhiteElo "1543"]
[BlackElo "1852"]
[PlyCount "90"]
[EventDate "2011.08.14"]
[EventType "swiss"]
[EventRounds "9"]
[EventCountry "SLO"]
[SourceTitle "EXT 2012"]
[Source "ChessBase"]
[SourceDate "2011.11.24"]
[SourceVersion "1"]
[SourceVersionDate "2011.11.24"]
[SourceQuality "1"]

1. d4 d6 2. c4 c6 3. Nc3 Qc7 4. Nf3 Bg4 5. e4 e5 6. Be2 Nf6 7. d5 c5 8. Nh4 Bxe2 9. Qxe2 g6 10. Bg5 Nbd7 11. 0-0 a6 12. f4 exf4 13. Bxf4 Bg7 14. Nf3 0-0 15. Rae1 Rae8 16. Qd2 Ng4 17. h3 Nge5 18. Bh6 Nxc4 19. Qf4 Nxb2 20. Bxg7 Kxg7 21. Qh4 Nd3 22. Re3 N3e5 23. Ng5 h6 24. Nf3 b5 25. a3 Qa7 26. Kh1 b4 27. axb4 cxb4 28. Nd1 a5 29. Qe1 Nc5 30. Nd4 Qb6 31. Qd2 a4 32. Rg3 Kh7 33. Nc6 Nxe4 34. Qe3 Nxg3+ 35. Qxg3 Nxc6 36. Qxd6 Qb5 37. Rf2 Nb8 38. Qc7 Qd7 39. Qc4 Re1+ 40. Rf1 Rxf1+ 41. Qxf1 Qxd5 42. Nf2 Rd8 43. Qe2 h5 44. Qe7 Nc6 45. Qf6 Rd6 0-1

[Event "Lucija op 3rd"]
[Site "Lucija"]
[Date "2011.08.14"]
[Round "2"]
[White "Pregelj, Ervin"]
[Black "Vidic, Miha"]
[Result "0-1"]
[WhiteElo "1543"]
[BlackElo "2052"]
[PlyCount "108"]
[EventDate "2011.08.14"]
[EventType "swiss"]
[EventRounds "9"]
[EventCountry "SLO"]
[SourceTitle "EXT 2012"]
[Source "ChessBase"]
[SourceDate "2011.11.24"]
[SourceVersion "1"]
[SourceVersionDate "2011.11.24"]
[SourceQuality "1"]

1. d4 Nf6 2. c4 g6 3. Nf3 Bg7 4. Nc3 0-0 5. Bg5 h6 6. Bh4 c5 7. e3 d6 8. Bd3 Nc6 9. Rc1 cxd4 10. exd4 Bg4 11. Be2 Qb6 12. d5 Bxf3 13. Bxf3 Ne5 14. b3 Nfd7 15. 0-0 Nxf3+ 16. Qxf3 g5 17. Bg3 f5 18. h3 f4 19. Bh2 Rf7 20. Kh1 Raf8 21. Rc2 a6 22. Nd1 Qd4 23. Re2 Ne5 24. Qe4 Qxe4 25. Rxe4 b5 26. f3 bxc4 27. bxc4 Rc8 28. Nb2 Rb8 29. Re2 Nxf3 30. gxf3 Rxb2 31. Rxb2 Bxb2 32. Rb1 Bd4 33. Bg1 Bxg1 34. Kxg1 Rf8 35. Rb7 Kf7 36. Ra7 Rc8 37. Rxa6 Rxc4 38. a4 Rc5 39. Rb6 Rxd5 40. Rb1 Ra5 41. Ra1 Ke6 42. Kf2 Kd5 43. Ke2 Kc4 44. Kd2 e5 45. Rc1+ Kd4 46. Ra1 d5 47. Ke2 e4 48. Rd1+ Ke5 49. Ra1 h5 50. Kf2 Kf5 51. Rd1 g4 52. fxg4+ hxg4 53. h4 g3+ 54. Kg2 Kg4 0-1

[Event "Lucija op 3rd"]
[Site "Lucija"]
[Date "2011.08.14"]
[Round "1"]
[White "Suc, Timothy"]
[Black "Pregelj, Ervin"]
[Result "1-0"]
[WhiteElo "2025"]
[BlackElo "1543"]
[PlyCount "77"]
[EventDate "2011.08.14"]
[EventType "swiss"]
[EventRounds "9"]
[EventCountry "SLO"]
[SourceTitle "EXT 2012"]
[Source "ChessBase"]
[SourceDate "2011.11.24"]
[SourceVersion "1"]
[SourceVersionDate "2011.11.24"]
[SourceQuality "1"]

1. e4 e5 2. Nf3 Nc6 3. d4 exd4 4. Nxd4 Nf6 5. Nxc6 bxc6 6. e5 Qe7 7. Qe2 Ng8 8. Nc3 d6 9. Bf4 Qe6 10. 0-0-0 d5 11. Qe3 Bb4 12. Qg3 g6 13. a3 Ba5 14. Na4 Bb6 15. Be3 Bxe3+ 16. Qxe3 Ne7 17. Nc5 Nf5 18. Nxe6 Nxe3 19. Nxc7+ Kd8 20. Nxa8 Nxd1 21. Kxd1 Bb7 22. Bd3 Bxa8 23. b4 Kc7 24. Kd2 g5 25. h4 g4 26. Ke3 h5 27. Kd4 Bb7 28. Bf5 Re8 29. Re1 Bc8 30. Bxc8 Kxc8 31. Re3 Kd7 32. f4 Re6 33. f5 Re8 34. Kc5 Re7 35. a4 Re8 36. e6+ fxe6 37. Rxe6 Rxe6 38. fxe6+ Kxe6 39. Kxc6 1-0